[Event "Zilina Region-ch"]
[Site "Zilina"]
[Date "2013.05.19"]
[Round "6"]
[White "Piovar, Jaroslav"]
[Black "Kriska, Michael"]
[Result "1-0"]
[WhiteElo "1564"]
[BlackElo "1184"]
[PlyCount "33"]
[EventDate "2013.05.17"]
[EventType "swiss"]
[EventRounds "6"]
[EventCountry "SVK"]
[SourceTitle "CBM 154 Extra"]
[Source "ChessBase"]
[SourceDate "2013.06.25"]
[SourceVersion "2"]
[SourceVersionDate "2013.06.25"]
[SourceQuality "1"]

1. d4 d5 2. c4 c6 3. Nc3 Nf6 4. cxd5 cxd5 5. Qc2 e6 6. Bg5 Be7 7. e3 0-0 8. Bd3 g6 9. Nf3 Nfd7 10. Bh6 Re8 11. h4 Nf6 12. 0-0-0 Ng4 13. Bf4 Nxf2 14. Qxf2 f5 15. Qg3 Qa5 16. h5 Ba3 17. Kc2 1-0